15 krajów o największej liczbie zgonów Covid19 - 23 czerwca - Statystyki

Ogólne statystyki
  • Ten quiz został rozwiązany 37 razy
  • Średni wynik to 12 z 20
Statystyki odpowiedzi
kraj % Poprawnych
Stany Zjednoczone
97%
Meksyk
82%
Rosja
82%
Hiszpania
79%
Kanada
79%
Niemcy
79%
Indie
74%
Wielka Brytania
74%
Włochy
74%
Brazylia
68%
Francja
65%
Belgia
47%
Szwecja
47%
Chile
44%
Holandia
38%
Peru
38%
Irlandia
35%
Iran
29%
Ekwador
15%
Szwajcaria
15%
Nie znaleziono quizów pasujących do podanych kryteriów
Rozkład punktacji
Procent ludzi z każdym wynikiem
Percentyl według liczby udzielonych odpowiedzi
Twoja historia wyników
Nie rozwiązałeś tego quizu